| 000 | 00758nam a2200241Ia 4500 | ||
|---|---|---|---|
| 003 | GCL | ||
| 008 | 140319s9999 xx 000 0 ara d | ||
| 020 | _a5936345977 | ||
| 040 |
_aGCL / _cGCL |
||
| 082 | 0 | 4 |
_aط _b372.52 _bق م |
| 100 | 1 | _aايهاب عبدالسلام | |
| 245 | 1 | 0 |
_aمدرستى / _cايهاب عبدالسلام |
| 700 | 1 | _aداليا عبدالناصر | |
| 260 |
_aالقاهرة : _bدار الفاروق للنشر والتوزيع ، _c2005 |
||
| 300 |
_a31 ص ؛ _c22 سم |
||
| 490 |
_aلون وتعلم _v0 |
||
| 650 | 0 | 4 | _aتعليم الاطفال |
| 650 | 0 | 4 | _aالتلوين |
| 650 | 0 | 4 | _aالرسم بالالوان |
| 650 | 0 | 4 | _aتعليم الفن |
| 650 | 0 | 4 | _aالتعليم بالالوان |
| 942 |
_2ddc _cBK |
||
| 999 |
_c8799 _d8799 |
||